Schweizer Super League Teams 2014/2015 - Sudden Death - Statistiken

Allgemein
  • Dieses Quiz wurde 51 mal gespielt
  • Das Durchschnittsergebnis liegt bei 6 aus 10
Answers on the Grid
Answers color-coded by a green-red scale on the quiz's grid according to % correct below.
FC Lausanne Sport
FC Basel
BSC Young Boys
Fc Zürich
Stade Lausanne Ouchy
Grasshoppers Zürich
FC Niedergösgen
FC St. Gallen
FC Luzern
FC Biel
FC Vaduz
FC Aarau
Servette Genf
FC Sion
FC Thun
FC Schaffhausen
 
Antwortstatistiken
Antwort % Korrekt
FC Basel
100%
BSC Young Boys
92%
Fc Zürich
92%
FC St. Gallen
75%
FC Luzern
67%
Grasshoppers Zürich
64%
FC Sion
53%
FC Thun
31%
FC Vaduz
19%
FC Aarau
14%
Keine übereinstimmenden Quizze gefunden
Verteilung der Resultate
Anzahl Personen mit jedem Resultat
Perzentil nach korrekt beantworteten Fragen
Ihre Resultats-Entwicklung
Sie haben dieses Quiz noch nicht gespielt